00482nam a2200157Ia 4500008004100000020002900041040001900070041001200089082002700101100001900128245006700147260004700214300002300261650002000284850002000304140110s9999 xx 000 0 und d a9788190583923cRs.140.00 aLoreto College aEnglish a005.7/BANbLCLIB/49554 aBangia, Ramesh aSystematic solutions for learners web designingcRamesh Bangia aNew DelhibKhanna Computer Book Shopc2007 axii, 340p. c24cm. aWebsites Design aLCLIB/005.7/BAN